Eure-et-Loir - mort subite - Statistiques

Statistiques générales
  • Ce quiz a été pris 34 fois
    26 depuis la dernière actualisation
  • Le résultat moyen est 13 sur 18
Answers on the Grid
Answers color-coded by a green-red scale on the quiz's grid according to % correct below.
Ballancourt-sur-Essonne
Chartres
Neufchâteau
Velbert
Châteaudun
Les Corvées-les-Yys
Acre
Mardan
Pacet
Orense
Manizales
Un site du patrimoine mondial de l'UNESCO
Dreux
Osun
Épernon
Cirebon
Nogent-le-Rotrou
Illiers-Combray
Plaisance
Marvejols
La Ferté-Vidame
Vald'Yerre
Ife
Le lieu de cérémonie du sacre de Henri IV
Maintenon
Bonneval
Handan
Nogent-le-Roi
Jember
Binche
L'ancienne ville de Autricum
Des Eurois
Thiron-Gardais
Denizli
Anet
 
Statistiques - réponses
Réponse % Correct
Chartres
95%
Dreux
95%
Nogent-le-Rotrou
95%
Châteaudun
91%
Maintenon
86%
Nogent-le-Roi
86%
Illiers-Combray
77%
Cathédrale de Chartres Un site du patrimoine mondial de l'UNESCO
77%
Bonneval
73%
Épernon
73%
Anet
68%
64%
Thiron-Gardais
64%
La Ferté-Vidame
59%
Chartres (ce choix, plutôt que Reims, était dû à l'occupation de cette dernière par la Ligue catholique) Le lieu de cérémonie du sacre de Henri IV
59%
Chartres (époque gallo-romaine) L'ancienne ville de Autricum
45%
Vald'Yerre
32%
Les Corvées-les-Yys
27%
Aucun quiz correspondant
Distribution des résultats
% des personnes avec chaque résultat
Percentile par nombre de réponses
Votre historique - résultats
Vous n’avez pas pris ce quiz depuis la dernière actualisation